[Event "17th Asian Continental-ch Open 2018"]
[Site "Makati City"]
[Date "2018.12.10"]
[Round "1.10"]
[White "Garcia, Jan Emmanuel"]
[Black "Lu, Shanglei"]
[Result "0-1"]
[WhiteElo "2429"]
[BlackElo "2636"]
[Annotator "TA"]
[PlyCount "136"]
[EventDate "2018.12.07"]
[EventType "swiss"]
[EventRounds "9"]
[EventCountry "PHI"]

{[%evp 18,136,31,22,33,0,2,25,16,13,31,0,25,22,25,27,21,29,29,27,21,0,60,51,62,55,61,66,63,56,60,58,48,45,31,28,65,49,55,49,47,10,59,21,21,16,16,17,16,16,66,36,51,0,0,0,0,0,0,-4,-6,-1,0,-15,-20,-13,0,-13,0,0,0,0,0,-8,-8,-20,-15,-76,-76,-76,-76,-170,-170,-175,-173,-166,-163,-193,-193,-199,-193,-191,-189,-186,-202,-806,-716,-29975,-29976,-29973,-29975,-29976,-29976,-29979,-29979,-29980,-29981,-29981,-29982,-29982,-29982,-29982,-29983,-29983,-29984,-29984,-29985,-29986,-29987,-29987,-29988]} 1. c4 e6 2. Nf3 Nf6 3. g3 d5 4. Bg2 Be7 5. O-O O-O 6. b3 c5 7. cxd5 exd5 8. d4 Nc6 9. Bb2 Bg4 10. Ne5 {LiveBook: 12 Games. D30: Queen's Gambit Declined: Systems without Nc3} (10. Nc3 Re8 11. Rc1 Bxf3 12. Bxf3 cxd4 13. Nb5 Qa5 14. Nxd4 Qxa2 15. Bc3 Qa6 16. Nf5 Rad8 17. Nxe7+ Rxe7 18. Bxf6 gxf6 19. Bxd5 Qxe2 20. Qxe2 Rxe2 21. Bxc6 bxc6 22. Rxc6 {½-½ (22) Adhiban,B (2671)-Ghaem Maghami,E (2537) Hamedan 2018}) 10... Bh5 ({Don't go for} 10... Nxd4 $2 11. Nxg4 Nxg4 12. e3 $18) 11. Nxc6 (11. dxc5 {is interesting.} Bxc5 12. Nd3 Bd6 13. Nc3 Re8 14. Re1) 11... bxc6 12. Nc3 {The position is equal.} Re8 $146 ({Predecessor:} 12... cxd4 13. Qxd4 Qd7 14. Rac1 Rab8 15. h3 Bb4 16. g4 Bg6 17. f4 Ba5 {1-0 (31) Khadempour,F (2173)-Fochtler,E (2272) Wuerttemberg 2000}) 13. Rc1 Nd7 14. Qd2 cxd4 15. Qxd4 {aiming for Nxd5!} Bf6 16. Qd2 Qa5 17. Rfd1 {[%cal Rc3d5] Threatens to win with Nxd5.} Qa6 {[%cal Rh5e2]} 18. Re1 Rad8 19. Bf1 Nb6 (19... Rb8 $11) 20. e3 $14 Qb7 21. Na4 {[%cal Bc3a4,Ba4b2,Bb2d3,Bd3c5][%mdl 32]} Bxb2 22. Nxb2 Bf3 23. Nd3 Rd6 24. Nc5 Qe7 25. Bg2 Bxg2 26. Kxg2 h5 27. h4 Nd7 28. Nxd7 Qxd7 29. Red1 Rf6 30. Qe2 (30. Rc4 $5) 30... Qf5 31. Rd4 Re4 32. Rcd1 g6 33. b4 Kg7 34. a4 Qe5 35. b5 (35. Qc2 $14) 35... Rxd4 $11 36. Rxd4 {[%mdl 4096] Endgame KQR-KQR} c5 {[%cal Bc6c5,Bc5c4][%mdl 32]} 37. Rd2 Qe4+ 38. f3 Qxa4 39. Rxd5 Qb4 40. Qc2 c4 41. Rd4 Qa3 42. Kf2 Re6 43. e4 Rf6 $36 {[%mdl 2048] Black has the initiative.} 44. f4 a6 {[%cal Ba7a6,Ba6b5,Bb5b4,Bb4b3][%mdl 32]} 45. Rxc4 {Strongly threatening Ra4.} axb5 46. Rc8 Ra6 47. Qc3+ (47. Kg2 $11) 47... Qxc3 $17 48. Rxc3 {KR-KR} b4 49. Rc8 (49. Rb3 $17 {was called for.}) 49... Rb6 $1 $19 50. Rc2 b3 51. Rb2 Kf6 52. Kf3 Ke6 53. Ke3 {[#]} Kd6 $1 54. Kd3 Kc5 55. Kc3 Rb4 56. e5 $2 ({Avoid the trap} 56. Rxb3 $2 Rxb3+ 57. Kxb3 Kd4 $19) (56. Kd3 f6 57. Rb1) 56... Rc4+ 57. Kxb3 Rb4+ {Black mates.} 58. Kc3 Rxb2 59. Kxb2 {KP-KP} Kd4 60. Kc2 Ke3 61. Kc3 Kf3 62. Kd4 Kxg3 {K3P-K3P} 63. Ke4 Kg4 64. Ke3 Kxh4 65. f5 gxf5 66. Kf4 Kh3 67. Kxf5 {[#]} Kg3 $1 68. Kf6 Kf4 {Accuracy: White = 38%, Black = 76%.} 0-1

[Event "17th Asian Continental-ch Open 2018"]
[Site "Makati City"]
[Date "2018.12.10"]
[Round "1.11"]
[White "Ganguly, Surya Shekhar"]
[Black "Docena, Jerad"]
[Result "1-0"]
[WhiteElo "2621"]
[BlackElo "2426"]
[Annotator "TA"]
[PlyCount "129"]
[EventDate "2018.12.07"]
[EventType "swiss"]
[EventRounds "9"]
[EventCountry "PHI"]

{[%evp 22,129,54,46,61,46,46,30,62,60,66,54,54,54,54,54,90,100,100,68,97,84,89,74,116,53,101,82,82,77,98,56,62,39,48,43,64,33,28,26,43,17,144,121,133,70,74,56,85,69,305,343,296,134,435,340,466,459,885,885,942,921,820,242,243,233,248,228,196,182,220,149,260,198,546,209,783,469,632,609,1179,1152,1355,1131,1192,1110,1220,1276,1216,1101,1073,997,894,0,728,719,856,703,676,669,648,651,601,593,1249,1196,1143,1054,1020,1020]} 1. c4 Nf6 2. Nc3 g6 3. e4 d6 4. d4 Bg7 5. Be2 O-O 6. Be3 e5 7. d5 Na6 8. g4 {E73: King's Indian: Averbakh Variation without 6...c5} Nc5 9. f3 a5 10. h4 h5 11. g5 Nfd7 (11... Nh7 12. Kd2 Bd7 13. Nh3 c6 14. Nf2 cxd5 15. exd5 f5 16. gxf6 Nxf6 17. Bxc5 dxc5 {0-1 (37) Vallejo Pons,F (2705)-Radjabov,T (2741) Palma de Mallorca 2017}) 12. Nh3 {LiveBook: 5 Games} Na6 $146 ({Predecessor:} 12... Nb6 13. Qd2 c6 14. Nf2 cxd5 15. exd5 Bf5 16. Bxc5 dxc5 {0-1 (47) Debashis,D (2472)-Firouzja,A (2456) Doha 2016}) 13. Qd2 Ndc5 14. Nb5 b6 15. Nf2 Bd7 16. Rg1 Kh7 17. O-O-O f5 18. gxf6 Bxf6 19. Rg2 Qe7 (19... Bxh4 $6 20. Rh1 $11) 20. Kb1 Rg8 21. Rdg1 Raf8 22. Qd1 Bh8 23. Bg5 (23. Bc1 $16) 23... Qf7 24. Rh2 Bg7 25. Qc1 Re8 26. Rg3 Qf8 27. Bf1 Bh6 28. Bh3 Bxg5 29. hxg5 Kg7 30. Bxd7 Nxd7 31. Rh4 Kf7 (31... Re7 $11) 32. f4 $16 Ke7 33. Rf3 (33. Na7 $16 {Strongly threatening Nc6+.} Nab8 34. Nd3) 33... exf4 $14 34. Nd4 (34. Qxf4 Ne5 $17) 34... Ne5 35. Rhxf4 Nxf3 $2 (35... Qg7 $1 $14) 36. Rxf3 $18 (36. Rxf8 Rgxf8 37. Ne6 Ne5 $15) 36... Qg7 37. Rf6 (37. Ne6 $18 {is the precise move to win.} Qh8 38. Nd3 (38. Qf4 Ref8 $11)) 37... Rgf8 $2 {[%mdl 8192]} (37... Kd8 $16 {is more resistant.}) 38. Ne6 Qh8 39. e5 $1 (39. Nxf8 Rxf8 40. e5 dxe5 $14) 39... dxe5 (39... Nc5 $142 40. Nxc7 (40. Nxf8 Rxf8 41. Qf4 dxe5 $16) 40... Rxf6 41. gxf6+ Kd7 42. Nxe8 Qxe8) 40. Ne4 $1 (40. Nxf8 Rxf8 41. Re6+ Kd8 $11) 40... Nc5 41. N6xc5 (41. Nxf8 Rxf8 42. Nxc5 Rxf6 $16) 41... bxc5 42. Qe3 $2 (42. Qd2 {White wants to mate with d6+.} Rxf6 43. gxf6+ Kf7 44. d6 (44. Qxa5 g5 $16)) 42... Rxf6 43. gxf6+ {[%mdl 4096] Endgame KQR-KQN} ({Worse is} 43. Qxc5+ Rd6 $1 $14 {[%mdl 512]}) 43... Kf7 {intending ...g5!} 44. Qxc5 {[%mdl 64] Double Attack} g5 45. Qxc7+ Kg6 46. f7 $36 {[%mdl 2048] White is on the roll.} ({Much less strong is} 46. Qxa5 $6 h4 $16) 46... Rf8 47. Qe7 Kf5 $2 (47... Qg7 {is tougher.}) 48. Nxg5 $2 (48. Nc5) 48... h4 $2 (48... Qg7 49. a3 Kg4) 49. a3 Kg4 50. Ka2 ({Weaker is} 50. Ne4 Kf4 $18) 50... h3 {[#] ...h2 is the strong threat.} 51. Nh7 $1 {[%mdl 512]} Rb8 (51... Qxh7 52. Qxf8) 52. Qg5+ Kf3 53. Qh4 Kg2 54. Qg4+ Kh2 55. Ng5 {White threatens Nf3+ and mate.} e4 56. Qf4+ Kg1 57. Qg4+ $2 (57. Qg3+ $18 Kh1 58. Qf2) 57... Kf1 $2 {[%mdl 8192] [#]} (57... Kh2 $11 58. b4 axb4 59. Nxe4 b3+ 60. Kb1 Qh7) 58. Qd1+ $1 {White is clearly winning.} Kg2 59. Qd2+ Kg3 60. Nxe4+ Kf3 61. Ng5+ Kg4 62. Ne6 {Intending Qf4+ and mate.} Qf6 63. Qh2 Rh8 64. Qg1+ Kh4 65. Qg8 {Accuracy: White = 42%, Black = 47%.} 1-0

[Event "17th Asian Continental-ch Open 2018"]
[Site "Makati City"]
[Date "2018.12.10"]
[Round "1.12"]
[White "Nava, Roderick"]
[Black "Firouzja, Alireza"]
[Result "0-1"]
[WhiteElo "2392"]
[BlackElo "2607"]
[Annotator "TA"]
[PlyCount "62"]
[EventDate "2018.12.07"]
[EventType "swiss"]
[EventRounds "9"]
[EventCountry "PHI"]

{[%evp 21,62,56,54,54,52,29,41,23,16,-5,33,-11,-14,-18,-16,-25,0,0,0,0,15,16,35,39,37,26,51,-157,-162,-169,-169,-302,-310,-318,-312,-314,-316,-292,-286,-392,-383,-568,-559]} 1. d4 Nf6 2. c4 g6 3. Nc3 Bg7 4. e4 d6 5. h3 O-O 6. Be3 Nbd7 7. Nf3 e5 8. d5 Nc5 9. Qc2 a5 {E90: King's Indian: Classical: Early deviations and 6 h3} 10. g4 h5 (10... c6 11. O-O-O cxd5 12. exd5 a4 13. Nxe5 Qa5 14. Nd3 a3 15. b3 Nfe4 16. b4 Qd8 17. Nb5 {1-0 (44) Nepomniachtchi,I (2714)-Ponomariov,R (2714) Beijing 2014}) 11. g5 Nfd7 {LiveBook: 5 Games. White is slightly better.} 12. Nd2 $146 ({Predecessor:} 12. O-O-O Nb6 13. Kb1 Bd7 14. Rg1 Nba4 15. Nb5 Qb8 16. b3 Nb6 17. Nd2 {½-½ (52) Valenzuela Fuentealba,L (2442)-Henriquez Villagra,C (2524) Santiago de Chile 2018}) 12... c6 13. b3 Nb6 14. Rb1 Bd7 15. Rg1 Rc8 16. f3 Kh7 17. h4 f6 18. Be2 fxg5 19. hxg5 Rf4 20. Rd1 cxd5 21. exd5 Rd4 22. Nde4 Bf5 23. Qc1 (23. Bxd4 exd4 24. Nb5 Nxd5 $1 $17 {[%mdl 512]}) 23... Bxe4 24. Nxe4 $2 {[#]} (24. Bxd4 exd4 25. Nxe4 Nxd5 $17) (24. fxe4 $14 {is the one way to stay ahead.} Qe7 25. Rf1) 24... Nxd5 $1 $17 {[%mdl 512]} 25. Bxd4 (25. cxd5 Nxe4) 25... exd4 26. cxd5 (26. Nxc5 $142 Rxc5 27. Bd3 Qe7+ 28. Kf2) 26... Nxe4 $19 {[%mdl 64] Discovered Attack} 27. Qf4 Nc3 {[%mdl 64] Double Attack} 28. Bd3 Qe7+ (28... Nxd1 29. Kxd1 Qc7 30. Rh1 $15) 29. Kf2 {[#] White wants to play Rde1.} Rf8 $1 {[%cal Rf8f4]} ({Don't do} 29... Nxd1+ 30. Rxd1 Rc3 31. Kf1 $17) ({Less strong is} 29... Nxd5 30. Qe4 $17) 30. Qd2 Be5 (30... Nxd1+ $2 31. Rxd1 Be5 32. Be4 $19) 31. Rde1 (31. Bb1 $142 Bh2 32. Rge1 Nxd1+ 33. Rxd1) 31... Qf7 {[%mdl 64] Double Attack. Accuracy: White = 39%, Black = 78%.} 0-1

[Event "17th Asian Continental-ch Open 2018"]
[Site "Makati City"]
[Date "2018.12.10"]
[Round "1.13"]
[White "Wen, Yang"]
[Black "Amartuvshin, Ganzorig"]
[Result "1-0"]
[WhiteElo "2604"]
[BlackElo "2376"]
[Annotator "TA"]
[PlyCount "127"]
[EventDate "2018.12.07"]
[EventType "swiss"]
[EventRounds "9"]
[EventCountry "PHI"]

{[%evp 10,127,-2,4,33,41,39,38,35,38,46,45,60,52,64,60,53,60,62,60,49,32,52,22,35,31,29,26,56,35,48,45,51,54,67,8,8,8,154,20,20,7,52,41,146,124,137,85,381,399,369,352,306,212,192,108,107,88,87,99,85,85,85,85,86,88,95,87,331,325,315,62,36,0,318,318,302,85,85,85,85,85,12848,12851,12847,12847,12841,84,12846,12849,29941,29941,29940,12848,29945,29941,29949,29947,29949,29952,29951,29951,29950,29949,29941,29946,29943,29942,12643,9352,12844,12847,7075,5531,12420,10628,6129,6129,4627,4627]} 1. e4 c5 2. Nf3 e6 3. d4 cxd4 4. Nxd4 Nc6 5. g3 d5 6. Nc3 {LiveBook: 4 Games. Threatening exd5. B44: Sicilian: Taimanov: 5 Nb5} (6. Bg2 dxe4 7. Nxc6 Qxd1+ 8. Kxd1 bxc6 9. Bxe4 Bb7 10. Nd2 Nf6 11. Bf3 O-O-O 12. Ke2 e5 13. c4 e4 {0-1 (40) Vitiugov,N (2721)-Van Wely,L (2653) Jurmala 2016}) 6... dxe4 7. Nxc6 {[%csl Gc6][%cal Rd1d8]} Qxd1+ 8. Kxd1 {White is slightly better.} bxc6 9. Nxe4 Bb7 10. Bd3 O-O-O $146 ({Predecessor:} 10... Nf6 11. Nxf6+ gxf6 12. Ke2 h5 13. h4 Bd6 {½-½ (37) Wen,Y (2608)-Sorokin,A (2511) Moscow 2018}) 11. Ke2 c5 {Threatens to win with ...c4!} 12. f3 Nf6 13. Nxf6 gxf6 14. Be3 h5 15. a3 Kb8 16. Rab1 Bd6 17. b4 cxb4 18. axb4 f5 19. Ra1 h4 $1 20. Bxa7+ Kc7 21. Bd4 $36 {[%mdl 2048] White is more active.} e5 {[%cal Be6e5,Be5e4][%mdl 32]} 22. Bc5 (22. Bc3 $14) 22... Bxc5 $11 23. bxc5 Rh5 (23... e4 $11 24. fxe4 hxg3) 24. Ke3 (24. g4 $1 $16 {[%cal Rg4h5]} fxg4 25. fxg4) 24... e4 25. Be2 f4+ {[%mdl 64] Discovered Attack} 26. Kxf4 Rd2 (26... exf3 $14 27. Bxf3 Bxf3 28. Kxf3 Rxc5) 27. Ke3 $16 Rxc2 28. fxe4 (28. Rhb1 $142 $1 hxg3 29. hxg3) 28... Rc3+ $2 {[%mdl 8192]} (28... Rhxc5 $16 {is a better defense.} 29. Bd3 (29. gxh4 f5 $14) 29... Rb2 30. gxh4 Rh5) 29. Kd4 $1 $18 Rhxc5 30. Rhf1 f5 31. exf5 Rc2 32. Bd3 ({Better is} 32. Ba6 $1 $18) 32... Rd5+ $16 33. Ke3 Rc3 {And now ...hxg3 would win.} 34. Rfd1 $1 {Strongly threatening f6.} hxg3 35. hxg3 {Black must now prevent f6.} Rxf5 36. Kd4 Rfc5 37. Rf1 Bc8 38. Rae1 Rc6 $2 (38... Kb6 $16) 39. Rf7+ $18 Kd6 40. Rf6+ $2 ({White must play} 40. Bb5 $1 $18 R6c5 41. Rh1) 40... Kc7 $14 41. Rf7+ $2 {[%mdl 8192]} (41. Re7+ $14 Kd8 42. Rxc6 Rxc6 43. Rg7) 41... Kd6 $18 42. Bb5 $1 R6c5 {and the idea ...Rc1 leaves Black hopeful.} 43. Rf6+ $2 (43. Rh1 $1 $18 {[%cal Rh1h6] and the rest is easy. Rh6+ would kill now.} Be6 44. Rh6 Rxb5 45. Kxc3 Rb3+ 46. Kd2) 43... Kc7 $16 44. Re7+ Kb8 45. Rf8 {Ba6 is the strong threat.} Rc7 $2 {[%mdl 8192] [#]} (45... Rc1 $16) 46. Rxc7 $1 $18 Rxc7 {[%mdl 4096] Endgame [#] KRB-KRB} 47. Ba6 $1 Rg7 48. Rxc8+ {KRB-KR} Ka7 49. Rc3 Kxa6 {KR-KR} 50. Rb3 Ka5 51. Ke5 (51. Ke4 $142 Rg8 52. Rf3 Kb4 53. Kf4 Kc5 54. g4 Kd5 55. Rb3 Rf8+ 56. Kg5) 51... Ka4 52. Re3 Kb5 53. Kf5 Rg8 54. g4 Rf8+ 55. Kg5 Rg8+ 56. Kf4 Rf8+ 57. Kg3 Rg8 58. Rc3 Kb4 59. Rc7 {White is clearly winning.} Kb5 60. Kf4 Rf8+ 61. Ke5 Kb6 62. Rc1 Rg8 63. Kf5 Rf8+ 64. Ke6 {Accuracy: White = 64%, Black = 46%.} 1-0

[Event "17th Asian Continental-ch Open 2018"]
[Site "Makati City"]
[Date "2018.12.10"]
[Round "1.14"]
[White "De Guzman, Ricardo"]
[Black "Jumabayev, Rinat"]
[Result "0-1"]
[WhiteElo "2357"]
[BlackElo "2602"]
[Annotator "TA"]
[PlyCount "154"]
[EventDate "2018.12.07"]
[EventType "swiss"]
[EventRounds "9"]
[EventCountry "PHI"]

{[%evp 20,154,-23,-20,-20,-17,-13,-27,-15,-8,-11,-14,-16,-14,-8,-8,-7,-7,-7,-17,-14,-16,-14,-14,-3,-11,-11,-12,-11,-12,-11,-13,-14,-11,-8,-8,-8,-8,-4,-4,-4,-8,-8,-16,-2,-2,-2,-4,-4,-4,-4,-4,0,-4,-2,-3,0,-8,-8,-9,0,-15,-4,-14,0,-8,-3,-3,0,-3,0,0,0,0,0,0,0,0,0,-54,-14,-17,0,0,0,0,0,0,0,0,0,0,0,0,0,0,0,-7,0,-8,-8,-14,-16,-16,-14,-14,-14,-14,-45,-52,-14,-80,-80,-80,-80,-80,-80,-80,-80,-81,-81,-81,-81,-81,-81,-81,-81,-80,-80,-580,-580,-29977,-29978,-29984,-29982,-29982,-29983]} 1. d4 e6 2. Nf3 c5 3. g3 cxd4 4. Nxd4 d5 5. Bg2 Nf6 6. O-O e5 7. Nb3 Be6 8. c4 {D02: 1 d4 d5 2 Nf3 sidelines, including 2...Nf6 3 g3 and 2...Nf6 3 Bf4} (8. Bg5 Nbd7 9. e4 dxe4 10. Bxe4 Qc7 11. Bg2 Be7 12. Nc3 O-O 13. Re1 Rad8 14. Qe2 h6 15. Bxf6 Bxf6 {½-½ (107) Caruana,F (2802)-Nakamura,H (2786) chess.com INT 2017}) 8... Nc6 9. cxd5 Nxd5 10. Nc3 Nxc3 11. bxc3 {LiveBook: 3 Games} Rc8 12. Be3 b6 13. Qd3 $146 ({Predecessor:} 13. Nd2 Be7 14. Qa4 Qd7 15. Rad1 Na5 {½-½ (43) Yashmetov,M (2365)-Bykov,O (2383) Lipetsk 2018}) 13... Qxd3 14. exd3 Ba3 15. d4 exd4 16. Bxc6+ Rxc6 17. Nxd4 Rxc3 18. Nb5 Rd3 19. Rfd1 Rxd1+ 20. Rxd1 Bc5 21. Nxa7 Bxa2 22. Nc8 Bxe3 23. fxe3 $11 {[%mdl 4096] Endgame KRB-KRN} b5 24. Nd6+ Ke7 25. Nxb5 Rb8 26. Rd2 Be6 27. Nd4 Rb1+ 28. Kf2 Bh3 29. e4 g6 30. Nf3 h6 31. Ra2 Rf1+ 32. Ke3 Rh1 33. Ra7+ Kf6 34. Ra6+ Kg7 35. Ra2 Be6 36. Rd2 Ra1 37. Nd4 Bg4 38. Nc6 Re1+ 39. Kf4 Bc8 40. Nd4 Ba6 41. Nc2 Rb1 42. Nd4 Ra1 43. h4 Ra3 44. e5 Bc4 45. Rc2 Ra4 {[#] Strongly threatening ...Bd3.} 46. Ke4 g5 47. hxg5 hxg5 48. Rf2 Kg6 49. Rh2 (49. Rf6+ $11 Kh5 50. Nf5) 49... Be6 50. Rh8 Ba2 51. Rd8 Ra3 52. g4 Bb1+ 53. Kd5 Ra5+ 54. Kd6 Ba2 55. Nc6 Ra4 56. Ne7+ Kh7 57. Ng8 $1 f5 58. Nf6+ Kg6 {Hoping for ...Rd4+.} 59. gxf5+ Kxf5 {...Rd4+ is the strong threat.} 60. Rf8 Ra6+ 61. Kc5 Kxe5 62. Ng4+ Ke4 63. Nf2+ Ke3 64. Ng4+ Kd3 65. Nf2+ {[#]} (65. Re8 $1 $11 {remains equal.}) 65... Ke2 $1 $17 66. Kd4 Ra4+ 67. Ke5 Ra5+ 68. Kd4 Bb1 69. Nh1 Ra4+ 70. Ke5 Re4+ 71. Kd5 Rg4 {And now ...Be4+ would win.} 72. Nf2 Rg3 73. Ke5 Re3+ 74. Kd5 $2 {[%mdl 8192]} (74. Kd6 $17 {is more resistant.}) 74... Rf3 $19 75. Rxf3 Kxf3 {Black mates.} 76. Nd1 Bc2 77. Nc3 g4 {Accuracy: White = 59%, Black = 67%.} 0-1

[Event "17th Asian Continental-ch Open 2018"]
[Site "Makati City"]
[Date "2018.12.10"]
[Round "1.15"]
[White "Tabatabaei, M.amin"]
[Black "Ervan, Mohamad"]
[Result "1/2-1/2"]
[WhiteElo "2587"]
[BlackElo "2357"]
[PlyCount "47"]
[EventDate "2018.12.07"]
[EventType "swiss"]
[EventRounds "9"]
[EventCountry "PHI"]
[TimeControl "40/5400+30:1800+30"]

1. d4 Nf6 2. c4 e6 3. Nf3 b6 4. a3 Bb7 5. Nc3 Ne4 6. Nxe4 Bxe4 7. Bf4 Be7 8. e3 O-O 9. Bd3 Bxd3 10. Qxd3 d6 11. h3 c5 12. O-O Nd7 13. Bh2 cxd4 14. Nxd4 Ne5 15. Qe2 Rc8 16. Rac1 Nc6 17. Nb5 a6 18. Nc3 Qc7 19. Rfd1 Rfd8 20. Ne4 Ne5 21. Qh5 f6 22. Bg3 Qb7 23. Nd2 b5 24. Qe2 {Writing ineligible, draw after 87 moves} 1/2-1/2

[Event "17th Asian Continental-ch Open 2018"]
[Site "Makati City"]
[Date "2018.12.10"]
[Round "1.16"]
[White "Miciano, John Marvin"]
[Black "Yakubboev, Nodirbek"]
[Result "0-1"]
[WhiteElo "2354"]
[BlackElo "2556"]
[Annotator "TA"]
[PlyCount "68"]
[EventDate "2018.12.07"]
[EventType "swiss"]
[EventRounds "9"]
[EventCountry "PHI"]

{[%evp 13,67,6,12,-12,-6,-12,-6,-17,-12,-18,-10,-38,-39,-36,-31,-42,-45,-29,-8,-47,-41,-42,-43,-68,-66,-115,-92,-128,-133,-118,-103,-121,-83,-79,-92,-116,-128,-114,-116,-107,-116,-158,-171,-195,-123,-216,-183,-206,-191,-822,-808,-1164,-1106,-29998,-29999,-29999]} 1. e4 e5 2. Nf3 Nc6 3. Bc4 Bc5 4. d3 Nf6 5. Nc3 h6 6. h3 a6 7. a3 d6 {LiveBook: 17 Games} 8. Qe2 {C50: Hungarian Defence and Giuoco Pianissimo} (8. O-O O-O 9. Ne2 Ne7 10. Ng3 Ng6 11. c3 b5 12. Bb3 Bb6 13. a4 Bb7 14. axb5 axb5 15. Rxa8 Bxa8 16. Be3 Bxe3 17. fxe3 {½-½ (42) Safarli,E (2657)-Khairullin,I (2652) Skopje 2015}) 8... O-O 9. Nd5 Be6 10. Be3 $146 {The position is equal.} ({Predecessor:} 10. c3 Re8 11. O-O Bxd5 12. Bxd5 Nxd5 13. exd5 Ne7 14. b4 Ba7 15. c4 Qd7 {0-1 (34) Lenhardt,S (2012)-Gegenfurtner,J (2289) Bamberg 2018}) 10... Bxd5 11. Bxd5 Bxe3 12. Qxe3 (12. fxe3 {is more complex.} Nxd5 13. exd5 Ne7 14. c4 b5 15. O-O) 12... Nxd5 13. exd5 Ne7 14. c4 $1 f5 15. O-O g5 16. Nd2 Ng6 17. Rac1 b6 18. d4 e4 19. g3 Qf6 $1 20. Qc3 Rae8 21. Rce1 h5 22. Kh1 Re7 23. f3 exf3 24. Rxe7 Qxe7 25. Nxf3 ({Don't play} 25. Qxf3 Kg7 $15) 25... g4 $1 {[%cal Rg4f3]} 26. Re1 {[#]} Qd8 $1 27. Re6 Kg7 ({Not} 27... gxf3 28. Rxg6+ Kf7 29. Re6 $16) 28. Ne1 {[#]} h4 ({Better is} 28... f4 $1 $19 {White must now prevent ...Qg5.} 29. Qd3 Qg5) 29. hxg4 (29. Qe3 $17 {was worth a try.}) 29... fxg4 $19 {aiming for ...hxg3.} 30. Kg1 Qg5 {Strongly threatening ...hxg3.} 31. Qe3 $2 (31. Ng2) 31... Qf5 32. Kh2 Qf1 {( -> ...Qh3+)} 33. Nd3 Qh3+ 34. Kg1 Rf1# {Accuracy: White = 25%, Black = 70%.} 0-1

[Event "17th Asian Continental-ch Open 2018"]
[Site "Makati City"]
[Date "2018.12.10"]
[Round "1.17"]
[White "Abdusattorov, Nodirbek"]
[Black "Garma, Chito"]
[Result "1-0"]
[WhiteElo "2546"]
[BlackElo "2342"]
[Annotator "TA"]
[PlyCount "75"]
[EventDate "2018.12.07"]
[EventType "swiss"]
[EventRounds "9"]
[EventCountry "PHI"]

{[%evp 14,75,19,10,33,41,77,90,77,65,80,43,46,32,56,18,34,22,18,4,14,2,6,13,96,0,10,4,15,0,0,-7,-2,-9,-9,-7,0,-13,-9,-4,0,-12,-12,-11,-19,-19,0,0,0,0,0,0,0,0,0,0,0,0,283,283,29982,29982,29981,29982]} 1. e4 c5 2. Nf3 d6 3. d4 cxd4 4. Nxd4 Nf6 5. f3 e5 6. Nb3 Be6 7. c4 Nbd7 8. Be3 {LiveBook: 91 Games. B55: Sicilian: 2...d6 3 d4 cxd4 4 Nxd4 Nf6 5 f3} Nh5 (8... b5 9. Na3 a6 10. cxb5 d5 11. bxa6 dxe4 12. Bb5 Nd5 13. Bc5 Nf4 14. O-O Bxb3 15. Qxd7+ Qxd7 16. Bxf8 Rxf8 17. axb3 Rxa6 18. Bxd7+ Kxd7 {½-½ (27) Vitiugov,N (2721)-Duda,J (2710) Czech Republic 2018}) 9. Nc3 Nb6 $146 ({Predecessor:} 9... a6 10. Nd5 Nhf6 11. Nxf6+ Nxf6 12. Qd2 Be7 13. Be2 O-O 14. O-O Rc8 15. Rac1 Qd7 {1-0 (60) Koch,B-Kuebart,E Jena 1953}) 10. Na5 {White is better.} Rb8 11. Qd2 Be7 12. Nd5 O-O 13. Nxe7+ Qxe7 14. Rd1 Rfd8 15. Be2 Rbc8 {[%cal Rb6c4]} 16. Rc1 Nf4 $1 {[%cal Rf4g2]} 17. Bxf4 exf4 18. O-O Qh4 (18... g5 $11) 19. b4 (19. Nxb7 $16 Rd7 20. Nxd6) 19... Rd7 $11 20. Rfd1 h5 21. Bf1 Qf6 22. Rc2 Rdc7 23. Rdc1 Nd7 24. Qxd6 Ne5 {aiming for ...Rd7.} 25. Qd2 b6 26. Nb3 Qg5 {...Nxf3+ is the strong threat.} 27. Qf2 Bxc4 28. Nd2 {[%cal Rd2c4]} b5 {[#]} 29. a4 $1 {[%mdl 512]} Rd8 (29... bxa4 30. Nxc4) 30. h4 $36 {[%mdl 2048] White has the initiative.} ({Reject} 30. Bxc4 bxc4 31. Qe2 (31. Nxc4 $2 Rxc4 32. Rxc4 Nxc4 $19) 31... Nd3 $17) 30... Qg6 $1 31. Nxc4 bxc4 32. Bxc4 Rxc4 33. Rxc4 Nxc4 34. Rxc4 {KQR-KQR} Rd1+ 35. Kh2 Qf6 $2 {[%mdl 8192] [#]} (35... Rb1 $11) 36. e5 $1 $18 {[%cal Re5f6]} Qxe5 $2 (36... Qg6 $18 37. Rxf4 a6) 37. Rc8+ Kh7 38. Qc2+ {[%mdl 64] Double Attack. Accuracy: White = 56%, Black = 48%.} 1-0